000 00765nam a22002055i 4500
001 163623
003 ES-MaACL
005 20230906212758.0
008 050715s1850 fr | |||||||| ||fre d
040 _aCAM
_bspa
_cCAM
100 1 _aRobertson, Theodore.
_9131889
245 1 0 _aNouveau cours pratique, analytique, théorique et synthétique de langue anglaise.
_nPremière partie /
_cpar T. Robertson.
250 _a6e éd.
260 _aParis :
_bA. Derache,
_c1850 (
_fImprimerie Bonaventure et Ducessois)
300 _a299 p. ;
_c21 cm.
500 _aAcceso a la segunda parte.
500 _aAcceso a la tercera parte.
650 0 4 _aLengua inglesa-
_vMétodos.
_914282
852 _aES-MaACL
_jC-3786(1)
_z-- Enc. pasta española
_z-- Legado M. de la Fuente
999 _c163623
_d163623